|
|
|
|
| LEADER |
00000nam a22000007a 4500 |
| 005 |
20190213234050.0 |
| 007 |
cr|||| |||| |
| 008 |
190213s2018 es |||||s|||| 00||0 spa d |
| 020 |
|
|
|a 978-84-9148-970-2
|
| 035 |
|
|
|a 22734
|
| 040 |
|
|
|a vLex
|
| 090 |
|
|
|c 8433
|d 8433
|
| 245 |
0 |
3 |
|a Los contratos sobre el buque en Derecho espaǫl
|h [Recurso electrn̤ico] /
|
| 256 |
|
|
|a Servicio en ln̕ea
|
| 260 |
|
|
|a Madrid:
|b Dykinson,
|c 2018
|
| 300 |
|
|
|a 1 recurso electrn̤ico
|
| 506 |
1 |
|
|a Disponible solo en los productos indicados
|d vLex Global
|d vLex Global (Academic Edition, excluding Law Schools)
|d vLex Global (U.S. Academic Edition, Law Schools)
|d vLex Global (U.S. Academic Edition, excluding Law Schools)
|d vLex Global (Academic Edition, Law Schools)
|
| 650 |
0 |
4 |
|a Obligaciones y Contratos
|z Espaą
|
| 650 |
0 |
4 |
|a Derecho Mercantil y de la Empresa
|z Espaą
|
| 740 |
0 |
|
|a vLex Libros (Servicio en ln̕ea)
|
| 856 |
4 |
0 |
|u http://vlex.com/source/contratos-buque-derecho-espa-ol-22734
|z Acceso restringido
|
| 942 |
|
|
|c BOOK
|
| 999 |
0 |
|
|a Obligations and Contracts
|
| 999 |
0 |
|
|a Business and Company Law
|